Leadership for the Common Good Tackling Public Problems in a Shared-Power World

Salvato in:
Dettagli Bibliografici
Autore principale: Bryson, John M.
Altri autori: Crosby, Barbara C.
Natura: Libro
Lingua:inglese
Pubblicazione: San Francisco Jossey-Bass Publ. 1992
Edizione:1. ed.
Soggetti:
Tags: Aggiungi Tag
Nessun Tag, puoi essere il primo ad aggiungerne!!

MARC

LEADER 00000nam a2200000 4500
001 c019727
005 20221206084750.6
020 |a 1-55542-480-5 
041 0 |a eng 
044 |a US 
245 1 0 |a Leadership for the Common Good  |b Tackling Public Problems in a Shared-Power World  |c John M. Bryson, Barbara C. Crosby 
250 |a 1. ed. 
264 1 |a San Francisco  |b Jossey-Bass Publ.  |c 1992 
300 |a 436 s. 
610 2 0 |a riadenie 
610 2 0 |a vedenie 
610 2 0 |a správa verejná 
610 2 0 |a vláda 
610 2 0 |a politika 
610 2 0 |a svet 
100 1 |a Bryson, John M. 
700 1 |a Crosby, Barbara C.